Особенности архитектурных решений населенных мест с искусственным микроклиматом для Арктики; Проблемы Севера; Вып. 10: Строительство на Крайнем Севере

Detalhes bibliográficos
Parent link:Проблемы Севера: сборник/ Академия наук СССР (АН СССР).— , 1958-1972
Вып. 10: Строительство на Крайнем Севере.— 1964.— С. 93-101
Autor principal: Одновалов С. П.
Outros Autores: Цимбал М. В.
Idioma:russo
Publicado em: 1964
Colecção:Планировка и архитектура населенных мест Крайнего Севера
Formato: MixedMaterials Capítulo de Livro
KOHA link:https://koha.lib.tpu.ru/cgi-bin/koha/opac-detail.pl?biblionumber=222181

MARC

LEADER 00000naa2a2200000 4500
001 222181
005 20231031195957.0
035 |a (RuTPU)RU\TPU\book\242365 
035 |a RU\TPU\book\242364 
090 |a 222181 
100 |a 20120919d1964 k y0rusy50 ca 
101 0 |a rus 
102 |a RU 
200 1 |a Особенности архитектурных решений населенных мест с искусственным микроклиматом для Арктики  |f С. П. Одновалов, М. В. Цимбал 
225 1 |a Планировка и архитектура населенных мест Крайнего Севера 
461 0 |0 (RuTPU)RU\TPU\book\119820  |t Проблемы Севера  |o сборник  |f Академия наук СССР (АН СССР)  |d 1958-1972 
463 0 |0 (RuTPU)RU\TPU\book\242270  |t Вып. 10: Строительство на Крайнем Севере  |v С. 93-101  |d 1964  |p 222 с. 
700 1 |a Одновалов  |b С. П. 
701 1 |a Цимбал  |b М. В. 
801 1 |a RU  |b 63413507  |c 20120918 
801 2 |a RU  |b 63413507  |c 20120919  |g RCR 
942 |c BK